000 01185nam a2200337 a 4500
001 000112639
003 CHAP
005 20220329144315.0
008 160815s2015 mx a |r| ||||||spa d
010 _a109100
011 _a110072
020 _a9786078328178
040 _cCHAP
082 _a598.2
_aP73
245 1 0 _aPlumas de multitudes :
_bintegración comunitaria en el estudio y monitoreo de aves en México /
_ceditado por Rubén Ortega Álvarez, Luis Antonio Sánchez González y Humberto Berlanga García.
260 _aMéxico, D. F. :
_bConabio,
_c2015.
300 _a174 p. :
_bil.
590 _aBATCH-UPD
_b05
_c20160815
_lUCH01
_h1138
590 _aE5765TAJ
_b05
_c20160815
_lUCH01
_h1137
590 _aE5765TAJ
_b05
_c20160815
_lUCH01
_h1307
650 1 4 _aAves conservación
_zMéxico.
_9131038
650 1 4 _aAves
_xHábitos y conducta.
_98611
650 1 4 _aAves
_xMéxico.
_98617
650 1 4 _aConservación de la biodiversidad
_zMéxico.
_9131039
700 1 _aBerlanga García, Humberto
_eed.
_9131037
700 1 _aOrtega Álvarez, Ruben
_eed.
_9131035
700 1 _aSánchez González, Luis Antonio
_eed.
_9131036
901 _aBK
942 _cLIBRO
942 _n0
999 _c109100
_d109100